000 00884nam a2200253 i 4500
005 20220317000515.0
008 160601s2003 ag a gs 000 0 spa d
020 _a8481561819
040 _aCO-BoRNBP
_bspa
_cCO-BoRNBP
_erda
041 0 _aspa
082 0 4 _a759.9492
_bD28b
100 1 _aDevitini Dufour, Alessia,
_eautor
245 1 3 _aEl Bosco
_blocura, vicios y virtudes
_ba la deriva entre la realidad y la fantasía
_cAlessia Devitini Dufour ; traducción Emilio Alvarez
250 _aPrimera edición
264 1 _aBarcelona
_bElecta
_c2003
300 _a143 páginas
_bilustraciones
_c21 cm
336 _atexto
_btxt
_2rdacontent
337 _asin mediación
_bn
_2rdamedia
338 _avolumen
_bnc
_2rdacarrier
600 1 4 _aBosco, Jeronimo Alken,
_d1450-1516
_9123476
650 1 4 _2LEMB
_aPintura holandesa
700 1 _aAlvarez, Emilio,
_etraductor
_9123477
942 _2ddc
_cBK
999 _c4240
_d4240